Île-de-France: villes de plus de 50 000 habitants - Statistiques

Statistiques générales
  • Ce quiz a été pris 117 fois
  • Le résultat moyen est 30 sur 45
Statistiques - réponses
Classement Population Département Réponse % Correct
2 148 000 93 Saint-Denis
100%
1 2 113 000 75 Paris
99%
3 120 000 92 Boulogne-Billancourt
93%
8 92 000 94 Créteil
92%
6 98 000 92 Nanterre
88%
13 83 000 78 Versailles
88%
5 107 000 95 Argenteuil
83%
20 69 000 95 Cergy
82%
23 66 000 91 Évry-Courcouronnes
82%
4 110 000 93 Montreuil
81%
12 86 000 93 Aulnay-sous-Bois
78%
35 55 000 93 Bobigny
78%
7 95 000 94 Vitry-sur-Seine
77%
11 89 000 93 Aubervilliers
75%
25 64 000 94 Ivry-sur-Seine
75%
30 58 000 95 Sarcelles
73%
9 91 000 92 Asnières-sur-Seine
72%
14 81 000 92 Courbevoie
70%
29 59 000 92 Neuilly-sur-Seine
69%
10 90 000 92 Colombes
66%
21 68 000 92 Levallois-Perret
66%
18 71 000 93 Noisy-le-Grand
66%
24 65 000 92 Clichy
65%
27 60 000 93 Pantin
65%
15 80 000 92 Rueil-Malmaison
64%
41 51 000 93 Sevran
63%
43 51 000 93 Bondy
61%
26 64 000 92 Antony
60%
16 78 000 94 Champigny-sur-Marne
60%
22 67 000 92 Issy-les-Moulineaux
60%
19 71 000 93 Drancy
59%
17 76 000 94 Saint-Maur-des-fossés
58%
44 50 000 92 Gennevilliers
57%
34 56 000 77 Meaux
57%
39 53 000 93 Saint-Ouen-sur-Seine
55%
33 56 000 92 Clamart
54%
31 58 000 94 Villejuif
54%
45 50 000 91 Massy
53%
28 59 000 93 Le Blanc-Mesnil
52%
40 52 000 94 Fontenay-sous-Bois
51%
37 53 000 91 Corbeil-Essonnes
46%
42 51 000 78 Sartrouville
42%
36 54 000 77 Chelles
39%
32 57 000 94 Maisons-Alfort
39%
38 53 000 93 Épinay-sur-Seine
37%
Aucun quiz correspondant
Distribution des résultats
% des personnes avec chaque résultat
Percentile par nombre de réponses
Votre historique - résultats
Vous n’avez pas pris ce quiz